000 00902cam a2200253 4500
001 WB4021-05
008 040602n2004 000 0 eng u
035 _a(Sirsi) u126371
245 _aRenewable energy
260 _c2004
490 _aRICS Brussels Briefing
_v 31 May 2004, (1)
520 _aA new Communication "The share of renewable energy in the EU" has been adopted by the Commission. It evaluates the progress in the EU15 to achieve the 2010 target of 22% of electricity consumption from renewable energy sources and the overall target of a 12% share of renewable energy use for all purposes.
590 _aWB
590 _aWB
650 _aRENEWABLE ENERGY SOURCES
650 _aELECTRICITY CONSUMPTION
650 _aOIL
650 _aNATURAL GAS
650 _aSOLID FUELS
650 _aNUCLEAR POWER
650 _aENERGY TARGETS
690 _aENERGY
_96237
942 _n0
999 _c117442
_d117442